| 000 | 01463cam a2200373 a 4500 | ||
|---|---|---|---|
| 001 | 12340515 | ||
| 003 | OSt | ||
| 005 | 20140310184504.0 | ||
| 008 | 010309s2002 maua b 000 1 eng | ||
| 010 | _a 2001025681 | ||
| 020 | _a9780545070843 | ||
| 040 |
_aDLC _cDLC _dDLC |
||
| 042 | _alcac | ||
| 050 | 0 | 0 |
_aPZ 8.3 _b.H5555Do 2008 |
| 100 | 1 |
_aHindley, Judy. _921739 |
|
| 245 | 1 | 0 |
_aDo like a duck does / _cJudy Hindley ; illustrated by Ivan Bates. |
| 250 | _a1st U.S. ed. | ||
| 260 |
_aCambridge, MA : _bCandlewick Press, _c2008 |
||
| 300 |
_a1 v. (unpaged) : _bcol. ill. ; _c26 cm. |
||
| 520 | _aBy challenging a hairy stranger to imitate the behavior of herself and her ducklings, a mother duck proves that he is a fox and not a duck. | ||
| 521 | _aBR | ||
| 526 | _cBR | ||
| 562 | _e1 | ||
| 650 | 1 |
_aDucks _vFiction. _928828 |
|
| 650 | 1 |
_aFoxes _vFiction. _928829 |
|
| 650 | 1 |
_aStories in rhyme. _95554 |
|
| 700 | 1 |
_aBates, Ivan, _eill. _928830 |
|
| 856 | 4 | 2 |
_3Contributor biographical information _uhttp://www.loc.gov/catdir/enhancements/fy0664/2001025681-b.html |
| 856 | 4 | 2 |
_3Publisher description _uhttp://www.loc.gov/catdir/enhancements/fy0664/2001025681-d.html |
| 906 |
_a7 _bcbc _corignew _d1 _eocip _f20 _gy-gencatlg |
||
| 942 |
_2lcc _cBK-SCHOLAS |
||
| 999 |
_c34791 _d34791 |
||